Yogi Berra Quotes Quiz Stats

 Plays Quiz Updated Feb 27, 2020

Support Sporcle.
Go Orange.
Score 0/17 Timer 05:00
0 Plays Today
Beginning... ...end. % Correct
It's like deja vu...all over again.
84.7%
You can observe a lot just by...watching.
66.1%
When you come to a fork in the road...take it.
64.8%
A nickel ain't worth...a dime anymore.
47.6%
You should always go to other people's funerals. Otherwise,...they won't come to yours.
42.1%
I always thought that record would stand until...it was broken.
41.2%
We made too many wrong...mistakes.
39.4%
Ninety percent of this game is...half mental.
35%
Nobody goes there anymore because...it's too crowded.
33.1%
Beginning... ...end. % Correct
He hits from both sides of the plate. He's...amphibious.
13.9%
It gets late...early out there.
9.4%
If people don't want to come out to the ballpark, how are you going to...stop them?
7.8%
It ain't the heat, it's the...humility.
6.3%
I never said...most of the things I said.
4.4%
The towels were so thick [in that hotel] that I could hardly...close my suitcase.
4.3%
I'm not going to buy my kids an encyclopedia. Let them...walk to school like I did.
4.1%
I don't know if they were men or women [fans running naked across the field]. They had...bags over their heads.
3.9%

You're not logged in!

Compare scores with friends on all Sporcle quizzes.
OR
Log In

From the Vault

Draco Malfoy, This Is Your Life

by WalshyMusic

Play this quiz, or our father is going to hear about this!
Remove Ads.
Support Sporcle.
Get the best of Sporcle when you Go Orange. This ad-free experience offers more features, more stats, and more fun while also helping to support Sporcle. Thank you for becoming a member.

Show Comments

Extras

Top Quizzes Today


Score Distribution

Your Account Isn't Verified!

In order to create a playlist on Sporcle, you need to verify the email address you used during registration. Go to your Sporcle Settings to finish the process.

Report this User

Report this user for behavior that violates our Community Guidelines.

Details: